000 00500nam a2200181Ia 4500
008 180921t2005 xxu||||| |||| 00| 0 sin d
041 _asin
080 _a617
_bMAT
100 _aMater, Hans
245 _aවිකලාංග ප්‍රතිකාර අත්පොත
246 _aVikalaanga prathikara ath potha
260 _bVishvaleka
_aRathmalana
_c2005
300 _a80p., cm
650 _aOrthopaedic
942 _cBK
999 _c13152
_d13152
003 LK-CoDNM
040 _aLK-CoDNM
_dLK-CoDNM
_eLK-CoDNM